Ciencias sociales 1 es /

Guardado en:
Autor Principal: Márquez, Mariana
Otros Autores: Razeto, Nora
Formato: Libro
Publicado: Buenos Aires : Estrada, 2014
Series:Huellas
Materias:
Etiquetas: Agregar Etiqueta
Sin Etiquetas, Sea el primero en etiquetar este registro!
LEADER 01666nam a22002655a 4500
001 CEM.cems014504
005 20141022162355.0
008 130507s2014##################000#0#####d
003 CEMS
020 |a 9789500114974 
082 0 4 |a Z302 
100 1 |a Márquez, Mariana 
245 1 0 |a Ciencias sociales 1 es /  |c Mariana Márquez y Nora Razeto 
260 |a Buenos Aires :  |b Estrada,  |c 2014 
300 |a 64 p. 
490 0 |a Huellas 
505 0 |a La Geografía y las nuevas tecnologías -- China, nueva potencia mundial -- El Valle de la Gran Grieta -- La evaluación del impacto ambiental -- La inmigración ilegal -- La inseguridad alimentaria -- El fenómeno urbano -- La Historia ¿un arte o una ciencia? -- El estudio de las biografías -- Los hombres como seres sociales -- Los cambios en el proceso de hominización -- El Neolítico en América -- La gran teotihuacan -- Las primeras escrituras -- El Código Hammurabi -- La arquitectura egipcia -- Egipto y las mujeres -- ¿América precolombina? -- El arte en los imperios americanos -- Las polis griegas y los ciudadanos -- ¿Los griegos también inventaron el amor? -- Las mujeres, las madres -- La red de caminos en la Antigua Roma -- Los esclavos en el campo -- La caída del imperio romano -- Historia y leyenda: Robin Hood -- Señores y campesinos de la Edad Media -- Mercaderes y caminos de la Edad Media -- Juana la loca: Historia, literatura pintura 
653 |a Geografía 
653 |a Historia 
653 |a Geografía general 
653 |a Grecia 
653 |a Roma 
653 |a Historia precolombina 
700 1 |a Razeto, Nora 
859 |a CEMS  |b BIB. CEMS - 11 de abril  |h Z302  |i Ar282-1  |p 27069.14  |t Ej.1